000 05355nam a22004937a 4500
005 2008092206286.0
008 080922t xxu||||| |||| 00| f hin d
010 _aHIN-84148
020 _a9788189859749
_c380.00
035 _aB-393626-639
035 _aHN-56494
037 _bकिताबघर प्रकाशन / PUB
037 _bDBAD / PUB
040 _aDPL
_bHN
082 _a
100 _aभैरप्पा, एस. एल.
245 _aउल्लंघन /
_cएस. एल. भैरप्पा; वी. बी. पुत्रन द्वारा अनुदित
246 _aUllanghana
_bby S. L. Bhairrapa
260 _aनयी दिल्ली
_bकिताबघर प्रकाशन
_c2008
270 _a4855-56/24, अंसारी रोड, दरियागंज
_bनयी दिल्ली
_e110002
300 _a528पृ.
_c18सेमी(सजिल्द)
500 _a1975 में साहित्य अकादेमी द्वारा पुरस्कृत कन्नड़ का महान राष्ट्रीय उपन्यास
650 _aकन्नङ कथा साहित्य
_xहिन्दी मे.अनुवाद
650 _aKannad fiction
_xtranslations into Hindi
700 _aपुत्रन, वी. बी.
942 _2ddc
_cHN
_h
_mभैरप्पा
999 _c15542
_d15542